Estados Unidos Mexicanos = United States of Mexico (Record no. 5561)

MARC details
000 -CABECERA
campo de control de longitud fija 00759nam a2200205 a 4500
001 - NÚMERO DE CONTROL
campo de control BRCA_5872
005 - FECHA Y HORA DE LA ÚLTIMA TRANSACCIÓN
campo de control 20190320205239.0
008 - DATOS DE LONGITUD FIJA--INFORMACIÓN GENERAL
campo de control de longitud fija 160311s1948----mx-#######---#000-0#eng-#
041 ## - CÓDIGO DE LENGUA
Código de lengua del texto/banda sonora o título independiente eng
044 ## - CÓDIGO DEL PAÍS DE LA ENTIDAD EDITORA/PRODUCTORA
Código MARC del país u
050 #4 - SIGNATURA TOPOGRÁFICA DE LA BIBLIOTECA DEL CONGRESO
Número de clasificación HE2820 F4
Número de documento/Ítem .E87
-- 1948
245 10 - MENCIÓN DE TÍTULO
Título Estados Unidos Mexicanos = United States of Mexico
Resto del título offer to bolder of Mexican railway obligations
Mención de responsabilidad, etc. 1948
300 ## - DESCRIPCIÓN FÍSICA
Extensión 62 p.
Dimensiones 35 cm.
500 ## - NOTA GENERAL
Nota general Contiene la firma del Sr. Franz Mayer; En la parte de la ultima hoja del documento vienen dos estampillas pegadas del año 1948 y viene escrito: Sr. Franz Mayer apartado 1263. México, D.F.
500 ## - NOTA GENERAL
Nota general H119
650 14 - PUNTO DE ACCESO ADICIONAL DE MATERIA--TÉRMINO DE MATERIA
Término de materia o nombre geográfico como elemento de entrada Ferrocarriles Nacionales de México
9 (RLIN) 14864
650 14 - PUNTO DE ACCESO ADICIONAL DE MATERIA--TÉRMINO DE MATERIA
Término de materia o nombre geográfico como elemento de entrada Ferrocarriles
Término indicativo de función/relación Finanzas
9 (RLIN) 9137
902 ## - CATALOGADOR
Iniciales GFM
942 ## - ELEMENTOS DE PUNTO DE ACCESO ADICIONAL (KOHA)
Fuente del sistema de clasificación o colocación Library of Congress Classification
Tipo de ítem Koha Libros
Holdings
Estado de retiro Estado de pérdida Estado dañado No para préstamo Localización permanente Ubicación/localización actual Fecha de adquisición Número de inventario Total de préstamos Signatura topográfica completa Código de barras Fecha visto por última vez Precio válido a partir de Tipo de ítem Koha
El ejemplar forma parte de la colección y puede ser consultado según las políticas vigentes.       Biblioteca del Museo Franz Mayer (Rogerio Casas-Alatriste) Biblioteca del Museo Franz Mayer (Rogerio Casas-Alatriste) 16/03/2011 H119   HE2820 F4 .E87 1948 (H119) 6311 22/03/2019 22/03/2019 Libros